| Tag |
First Indicator |
Second Indicator |
Subfields |
| LEADER |
00000cam a2200000 a 4500 |
| 001 |
in00001663921 |
| 005 |
20211202194544.0 |
| 007 |
he bmb024bbca |
| 008 |
020228s1999 caub bb f000 0 eng d |
| 035 |
|
|
|a (OCoLC)ocm49388489
|
| 040 |
|
|
|a GPO
|c GPO
|d DLC
|d MvI
|d UtOrBLW
|
| 043 |
|
|
|a n-us-ak
|
| 049 |
|
|
|a UMIC
|a WWW
|
| 074 |
|
|
|a 0624-H (MF)
|
| 074 |
|
|
|a 0624-H (online)
|
| 086 |
0 |
|
|a I 19.76:99-574
|
| 100 |
1 |
|
|a Freeman, Curtis J.
|
| 245 |
1 |
0 |
|a Livengood quadrangle :
|b Alaska resource data file /
|c Curtis J. Freeman and Janet Schaefer.
|
| 246 |
3 |
0 |
|a Alaska resource data file, Livengood quadrangle
|
| 264 |
|
1 |
|a [Menlo Park, Calif.] :
|b U.S. Dept. of the Interior, U.S. Geological Survey,
|c [1999]
|
| 300 |
|
|
|a 464 pages :
|b map ;
|c 28 cm.
|
| 336 |
|
|
|a text
|b txt
|2 rdacontent
|
| 337 |
|
|
|a microform
|b h
|2 rdamedia
|
| 338 |
|
|
|a microfiche
|b he
|2 rdacarrier
|
| 490 |
1 |
|
|a Open-file report ;
|v 99-574
|
| 500 |
|
|
|a Caption title.
|
| 500 |
|
|
|a Shipping list number: 2002-0155-M.
|
| 500 |
|
|
|a Shipping List Date: 02/25/2002
|
| 504 |
|
|
|a Includes bibliographical references (pages 454-464).
|
| 530 |
|
|
|a Also available via Internet from the USGS Web site (PDF file). Address as of 9-23-02: ftp://pluton.wr.usgs.gov/pub/ardf_data/Livengood.pdf; current access is available via PURL.
|
| 533 |
|
|
|a Microfiche.
|b [Denver, Colo. :
|c U.S. Geological Survey,
|d 2002]
|e 5 microfiches : negative.
|
| 500 |
|
|
|a Microform.
|
| 650 |
|
0 |
|a Mines and mineral resources
|z Alaska
|z Livengood Region.
|
| 650 |
|
0 |
|a Ore deposits
|z Alaska
|z Livengood Region.
|
| 700 |
1 |
|
|a Schaefer, Janet.
|
| 710 |
2 |
|
|a Geological Survey (U.S.)
|
| 830 |
|
0 |
|a U.S. Geological Survey open-file report ;
|v 99-574.
|
| 856 |
4 |
1 |
|u https://purl.fdlp.gov/GPO/LPS18307
|z Adobe Acrobat Reader required
|t 0
|
| 999 |
|
|
|a MARS
|
| 999 |
f |
f |
|s 4d63c2f4-74a1-3c37-bbb0-5d81253d4a3e
|i b44fd84d-7289-3c31-b590-f7b06c08db5b
|t 0
|
| 952 |
f |
f |
|p normal
|a Texas A&M University
|b College Station
|c Sterling C. Evans Library
|d Evans: US Documents Microfiche (3rd floor)
|t 0
|e I 19.76:99-574
|h Superintendent of Documents classification
|i microform -- microfiche
|m A14829075118
|
| 952 |
f |
f |
|a Texas A&M University
|b College Station
|c Electronic Resources
|d Available Online
|t 0
|e I 19.76:99-574
|h Superintendent of Documents classification
|
| 998 |
f |
f |
|a I 19.76:99-574
|t 0
|l Available Online
|
| 998 |
f |
f |
|a I 19.76:99-574
|t 0
|l Evans: US Documents Microfiche (3rd floor)
|